[Event "Porto Alegre IRT U2200 1st"]
[Site "Porto Alegre"]
[Date "2016.04.09"]
[Round "2.6"]
[White "Da Silva, Joao Carlos Orguim"]
[Black "Tambara, Newton"]
[Result "1-0"]
[WhiteElo "1852"]
[BlackElo "1800"]
[PlyCount "79"]
[EventDate "2016.04.09"]
[EventType "swiss"]
[EventRounds "5"]
[EventCountry "BRA"]
[SourceTitle "EXT 2022"]
[Source "ChessBase"]
[SourceDate "2021.10.06"]
[SourceVersion "1"]
[SourceVersionDate "2021.10.06"]
[SourceQuality "1"]

1. Nf3 Nf6 2. d4 g6 3. c3 Bg7 4. Nbd2 d6 5. e4 0-0 6. Bd3 Nbd7 7. 0-0 e5 8. b4 a6 9. d5 Nh5 10. g3 f5 11. exf5 gxf5 12. Nh4 Qe8 13. Nxf5 Ndf6 14. Nxg7 Nxg7 15. f3 Bh3 16. Rf2 Qf7 17. c4 Rae8 18. Ne4 Nxe4 19. Bxe4 Bf5 20. Qc2 Qf6 21. Be3 Qg6 22. Raf1 Re7 23. g4 Ref7 24. Kh1 Bxe4 25. Qxe4 Qf6 26. f4 Qh4 27. f5 Nh5 28. Qf3 Nf6 29. Rg2 Kh8 30. Bf2 Qg5 31. Be3 Qh4 32. Qg3 Qxg3 33. Rxg3 Rg8 34. g5 Nh5 35. Rh3 Nf4 36. Rxf4 exf4 37. Bd4+ Rgg7 38. g6 Kg8 39. gxf7+ Rxf7 40. f6 1-0